000 00589cam a22001934a 4500
001 15151808
003 OSt
005 20241107175142.0
008 241107m20042006gh a 000 0 eng
020 _a9988009453 (v. 2)
050 0 0 _aKRX78.B87 / KF889
_bA34 2004 / .3 2006
100 1 _aAdjei-Mensah, K.
_q(Kwadwo)
_eauthor
245 1 0 _aPrinciples of business law /
_cK. Adjei-Mensah.
250 _aThird Ed. (Revised)
_bVolume 2
260 _a[Accra] :
_bHis Grace Publications,
_c2006.
300 _avii, 244 pages, 2 v. :
_c24 cm.
650 0 _aCommercial law
_zGhana.
942 _2lcc
_cBK
_n0
999 _c835
_d835